000
00244nam a2200097Ia 4500
001
1137906
005
20250827005235.0
008
250824s9999 xx 000 0 und d
245
0
_a
KIZIŞL PENÇE
_c
MUSTAFA ARMAĞAN
260
_b
KETEBE YAYINLARI
999
_c
1137906
_d
1137906